000 01367nam0a2200349 4500
001 RU\NLR\BIBL_A\012577411
005 20230519151331.0
010 _a978-5-17-114987-1
_92000
021 _aRU
_bКН-П-21-024066
_9КН-П-21-1867
035 _a(NLR Aleph) 012577411
090 _a12510828
_c12510828
100 _a20210810d2021 u y0rusy50 ca
101 0 _arus
102 _aRU
105 _aac||z|||000ay
181 0 _ai3
_baxxe
182 0 _an
200 1 _aТьма
_iСияние тьмы
_e[фантастический роман]
_fСергей Тармашев
_gхудожник: Николай Ковалёв
203 _aТекст
_bвизуальный
_cнепосредственный
210 _aМосква
_cЖ
_cАСТ
_d2021
215 _a413, [1] с., [2] л. цв. ил.
_cпортр.
_d22
225 1 _aМиры и войны Сергея Тармашева
320 _aДр. произведения авт. на 2-й с.
333 _a16+
686 2 _aШ6(2=Р)8-445
700 1 _aТармашев
_bС. С.
_f1974-
_gСергей Сергеевич
_4070
702 1 _4040
_aКовалев
_bН.
_cиллюстратор
_gНиколай
_9133921
_3RU\NLR\AUTH\770133955
942 _cBOOK
980 _aNB